CLINICAL HYPERTENSION (Record no. 21662)

MARC details
000 -LEADER
fixed length control field 00423nam a22001697a 4500
003 - CONTROL NUMBER IDENTIFIER
control field OSt
005 - DATE AND TIME OF LATEST TRANSACTION
control field 20211207144122.0
008 - FIXED-LENGTH DATA ELEMENTS--GENERAL INFORMATION
fixed length control field 211207b |||||||| |||| 00| 0 eng d
020 ## - INTERNATIONAL STANDARD BOOK NUMBER
International Standard Book Number 0-683-04514-8
040 ## - CATALOGING SOURCE
Original cataloging agency DDC
Transcribing agency HU
082 ## - DEWEY DECIMAL CLASSIFICATION NUMBER
Edition number 3RD
Classification number 616.132
Item number 1`
100 ## - MAIN ENTRY--PERSONAL NAME
Personal name KAPLAN NORMAN M.
9 (RLIN) 21974
245 ## - TITLE STATEMENT
Title CLINICAL HYPERTENSION
250 ## - EDITION STATEMENT
Edition statement 3RD
260 ## - PUBLICATION, DISTRIBUTION, ETC.
Place of publication, distribution, etc. BALTIMORE
Name of publisher, distributor, etc. WILLIAMS AND WILKINS
Date of publication, distribution, etc. 1982
942 ## - ADDED ENTRY ELEMENTS (KOHA)
Source of classification or shelving scheme Dewey Decimal Classification
Koha item type Books like text book referance book
Suppress in OPAC No

No items available.